Statistics for Bayern Munich - 15 Players with the Most Appearances

Click here to take the quiz!

General Stats

  • This quiz has been taken 120 times
  • The average score is 7 of 15

Answer Stats

Hint Answer % Correct
573Gerd Muller
91%
434Philipp Lahm
88%
632Oliver Kahn
83%
539Franz Beckenbauer
80%
500Bastian Schweinsteiger
75%
410Lothar Matthaus
68%
423Karl-Heinz Rummenigge
59%
623Sepp Maier
46%
469Mehmet Scholl
45%
554Hans-Georg Schwarzenbeck
26%
545Klaus Augenthaler
24%
440Franz Roth
15%
365Hasan Salihamidzic
13%
372Hans Pflugler
5%
505Bernd Durnberger
3%

Score Distribution

Percentile by Number Answered

Percent of People with Each Score

Your Score History

You have not taken this quiz